Điện tử công suất : Lý thuyết - Thiết kế - Ứng dụng. t.II /
Wedi'i Gadw mewn:
| Prif Awdur: | |
|---|---|
| Awduron Eraill: | , |
| Fformat: | Sách giấy |
| Iaith: | Vietnamese |
| Cyhoeddwyd: |
H. :
Khoa học và Kỹ thuật,
2005.
|
| Pynciau: | |
| Tagiau: |
Ychwanegu Tag
Dim Tagiau, Byddwch y cyntaf i dagio'r cofnod hwn!
|
| Thư viện lưu trữ: | Thư viện Trường Đại học Đà Lạt |
|---|
| LEADER | 00983nam a2200349 4500 | ||
|---|---|---|---|
| 001 | DLU090065689 | ||
| 005 | ##20090409 | ||
| 040 | # | # | |a DLU |b vie |
| 041 | # | # | |a vie |
| 044 | # | # | |a vn |
| 082 | # | # | |a 621.381 52 |b LE-D |
| 100 | # | # | |a Lê Văn Doanh. |
| 245 | # | # | |a Điện tử công suất : |b Lý thuyết - Thiết kế - Ứng dụng. |n t.II / |c Lê Văn Doanh, Nguyễn Thế Công, Trần Văn Thịnh. |
| 260 | # | # | |a H. : |b Khoa học và Kỹ thuật, |c 2005. |
| 300 | # | # | |a 499 tr. : |b minh hoạ ; |c 24 cm. |
| 504 | # | # | |a Tài liệu tham khảo: tr.700-701. |
| 653 | # | # | |a Điện tử học công suất |
| 653 | # | # | |a Kỹ thuật điện tử |
| 700 | # | # | |a Nguyễn Thế Công. |
| 700 | # | # | |a Trần Văn Thịnh. |
| 923 | # | # | |a 23/2008 |
| 990 | # | # | |a t.II |
| 991 | # | # | |a GT |
| 992 | # | # | |a 67000 |
| 994 | # | # | |a DLU |
| 900 | # | # | |a True |
| 911 | # | # | |a Đào Thị Thu Huyền |
| 925 | # | # | |a G |
| 926 | # | # | |a A |
| 927 | # | # | |a SH |
| 980 | # | # | |a Thư viện Trường Đại học Đà Lạt |